Historia del arte hispano-americano : (Record no. 124640)

MARC details
000 -LEADER
campo de control de longitud fija 01025nam a2200265 i 4500
001 - NÚMERO DE CONTROL
campo de control 124640
003 - IDENTIFICADOR DE NÚMERO DE CONTROL
campo de control ES-MaACL
007 - CAMPO FIJO DE DESCRIPCIÓN FÍSICA--INFORMACIÓN GENERAL
campo de control de longitud fija t|
008 - DATOS DE LONGITUD FIJA--INFORMACIÓN GENERAL
campo de control de longitud fija 070413e1958 sp a |r 00110|spa
017 ## - NÚMERO DE COPYRIGHT O DE DEPÓSITO LEGAL
Número de copyright o de depósito legal B 11167-1958
Agencia que asigna Oficina Depósito Legal Barcelona
080 ## - NÚMERO DE LA CLASIFICACIÓN DECIMAL UNIVERSAL
Número de la Clasificación Decimal Universal 7(8.03)(091)
080 ## - NÚMERO DE LA CLASIFICACIÓN DECIMAL UNIVERSAL
Número de la Clasificación Decimal Universal 7.034(8=134.2)
100 1# - ENTRADA PRINCIPAL--NOMBRE DE PERSONA
Nombre de persona Solá, Miguel
Término indicativo de función/relación Autor
9 (RLIN) 107046
245 10 - MENCIÓN DEL TÍTULO
Título Historia del arte hispano-americano :
Resto del título arquitectura, escultura, pintura y artes menores en la América española durante los siglos XVI, XVII y XVIII /
Mención de responsabilidad, etc. Miguel Solá
250 ## - MENCION DE EDICION
Mención de edición 2ª ed.
260 ## - PUBLICACIÓN, DISTRIBUCIÓN, ETC.
Lugar de publicación, distribución, etc. Barcelona :
Nombre del editor, distribuidor, etc. Labor,
Fecha de publicación, distribución, etc. [1958]
300 ## - DESCRIPCIÓN FÍSICA
Extensión 341 páginas, LXII hojas de láminas :
Otras características físicas ilustraciones ;
Dimensiones 17 cm
490 1# - MENCIÓN DE SERIE
Mención de serie Colección Labor.
Nombre de parte o sección de la obra Artes plásticas ;
Designación de volumen o secuencia 491-493
RLIN 222913
650 #4 - PUNTO DE ACCESO ADICIONAL DE MATERIA--TÉRMINO DE MATERIA
Término de materia o nombre geográfico como elemento de entrada Arte colonial-
Subdivisión geográfica América española
9 (RLIN) 241738
830 #0 - PUNTO DE ACCESO ADICIONAL DE SERIE-TÍTULO UNIFORME
Título uniforme Colección Labor.
Nombre de parte o sección de la obra Artes plásticas ;
Designación de volumen o secuencia 491-493
9 (RLIN) 222913
852 4# - LOCALIZACIÓN
Ubicación ES-MaACL
Ubicación en estantería Depósito 2
Número de control de estantería E-2913
942 ## - ELEMENTOS DE ENTRADA SECUNDARIOS (KOHA)
Fuente del sistema de clasificación o colocación Clasificación decimal universal
Tipo de ítem Koha Libro impreso
Suprimir en OPAC No
Holdings
Estatus retirado Estado de pérdida Estado de daño No para préstamo Biblioteca de origen Biblioteca actual Ubicación en estantería Fecha de adquisición Fuente de adquisición Total de préstamos Signatura topográfica completa Código de barras Visto por última vez Precio de reemplazo Tipo de ítem Koha
        Biblioteca del Ateneo de Madrid Biblioteca del Ateneo de Madrid Depósito 2 17/01/2008     E-2913 1129859 23/02/2023 23/02/2023 Libro impreso